000 01248nam a22003497a 4500
003 CHAP
005 20220329134224.0
008 971013s1979 r 00010 d
010 _a17203
011 _a18175
035 _a22260
040 _cCHAP
090 _aTesis
100 0 0 _aJiménez Torres, Manuel de los Angeles.
_961665
245 _aUtilización del calostro acidificado para la alimentación de becerros Holstein en comporación con otras dietas líquidas
260 _aMéxico, D.F., :
_bEl autor,
_c1979
300 _a31 h.
_b; gráfs
502 _aTesis (Médico Veterinario Zootecnista) -- UNAM. Fac. de Medicina Veterinaria y Zootecnia
590 _aALEPH
_b10
_c20130110
_lUCH01
_h1240
590 _aBATCH-UPD
_b10
_c20130110
_lUCH01
_h0220
590 _aBATCH-UPD
_b10
_c20130110
_lUCH01
_h1727
590 _aBATCH-UPD
_b10
_c20130409
_lUCH01
_h2241
590 _aBATCH-UPD
_b10
_c20130410
_lUCH01
_h1109
590 _aBATCH-UPD
_b10
_c20130914
_lUCH01
_h0551
590 _aCONVERSION
_b10
_c20130109
_lUCH01
_h1311
650 1 4 _aBecerros
_xAlimentación.
_911172
650 1 4 _aCalostro
_xValor nutritivo.
_917584
650 1 4 _aGanado Holstein.
_945133
901 _aBK
942 _cTESIS
949 _bBC
_cTES
_d-52141
_eTS1
_i22260
_si
999 _c17203
_d17203